Mother Mother - O My Heart Lyrics Quiz - Statistics

General Stats
  • This quiz has been taken 30 times
    29 since last reset
  • The average score is 208 of 291
Answer Stats
Hint Answer % Correct
heart,
100%
heart
100%
I
100%
it
100%
my
100%
Lyrics: Oh
100%
a
94%
the
94%
And
89%
and
89%
in
89%
In
89%
fish
83%
it's
83%
of
83%
rock
83%
to
83%
water
83%
bad
78%
out
78%
throw
78%
back
72%
is
72%
ocean
72%
on
72%
so
72%
sun
72%
But
67%
don't
67%
gutter
67%
just
67%
tornado
67%
bakes
61%
come
61%
damn
61%
floating
61%
boulder
56%
cold,
56%
cold
56%
eye
56%
go
56%
house
56%
into
56%
rocks
56%
El
50%
far,
50%
fire
50%
great
50%
Nino
50%
ain't
44%
dead
44%
dead,
44%
jaw
44%
new
44%
roof
44%
set
44%
stuck
44%
up
44%
wash
44%
watch
44%
with
44%
foundation
39%
like
39%
rainbow
39%
black
33%
pour
33%
scratch
33%
straw
33%
this
33%
want
33%
'Cause,
28%
hard,
28%
ice
28%
name,
28%
name
28%
quite
28%
sky
28%
befriending
22%
embers
22%
made
22%
melt
22%
mid-December
22%
shaking
22%
Bam
17%
gets
17%
mixed
17%
stays
17%
try
17%
No matching quizzes found
Score Distribution
Percent of People with Each Score
Percentile by Number Answered
Your Score History
You have not taken this quiz since the last reset